000 00315nam a22001217a 4500
082 _a530
_bOSW/C
100 _aOSWAAL BOOKS
245 _aCBSE QUESTION BANK SOLVED PAPERS PHYSICS
_bCLASS XII
260 _aAGRA
_bOSWAAL BOOKS
_c2012
300 _a408
650 _aPHYSICS SOLVED PAPERS FOR CLASS XII
_zINDIA
942 _cBK
999 _c674
_d674